000 00491nam a2200157 a 4500
001 000031323
005 20200930062841.0
008 110620s1944 dr 000 p spa d
040 _aDO-SdBNP
_bspa
_cBNPHU
082 _axxx
_bP328g
100 1 _aPaulino Isalguez, Diógenes
_955691
245 1 0 _aGritos /
_cDiógenes Paulino Isalguez.
260 _aCiudad Trujillo, República Dominicana :
_bImprenta Compañia Dominicana de Publicidad,
_c1944.
300 _c10 p. ;
_c22 cm.
049 _aBNPD
999 _c30815
_d30815